| 000 | 00564ata a2200217 4500 | ||
|---|---|---|---|
| 005 | 20170109130019.0 | ||
| 008 | 150601b xxu||||| |||| 00| 0 spa d | ||
| 041 | _aspa | ||
| 082 | _a917.286 B168n | ||
| 100 |
_aBaker, Christopher _915014 |
||
| 245 | _aThe national geographic traveler Costa Rica | ||
| 260 | _aCosta Rica | ||
| 260 | _c2000 | ||
| 300 | _a271 páginas | ||
| 650 |
_aCOSTA RICA _935772 |
||
| 650 |
_aTURISMO _9894 |
||
| 650 |
_aGEOGRAFÍA TURÍSTICA _96732 |
||
| 650 |
_aGUÍAS _9738 |
||
| 650 |
_aDESCRIPCIONES Y VIAJES _935773 |
||
| 942 | _cBK | ||
| 999 |
_c6095 _d6095 |
||